Matemáticas ocultas en la arquitectura / (Registro nro. 15012)

Detalles MARC
000 -LIDER
fixed length control field 01250nam a2200385 a 4500
001 - NÚMERO DE CONTROL
Identificador de número de control 000002069
003 - IDENTIFICACDOR DE NÚMERO DE CONTROL
control field DO-SdBPM
005 - DATE AND TIME OF LATEST TRANSACTION
control field 20250318133539.0
007 - CAMPOS FIJOS DE DESCRIPCIÓN FÍSICA
fixed length control field 000002069
008 - ELEMENTOS DE LONGITUD FIJA
fixed length control field 090630s2007 mx b 000 0 spa d
020 ## - ISBN
International Standard Book Number 9789707708693
040 ## - FUENTE DE CATALOGACIÓN
Agencia que crea de manera original el registro DO-SdBPM
Idioma de catalogación spa
Agencia que realiza la transcripción BPMSU
082 #4 - NÚMERO DE CLASIFICACIÓN DECIMAL DE DEWEY
Classification number
Item number C545m 2007
Edition number 22
092 ## - LOCALLY ASSIGNED DEWEY DECIMAL CALL NUMBER
Número de clasificación
100 1# - ASIENTO PRINCIPAL -- NOMBRE PERSONAL
Nombre personal Cho, Eun-Jeong.
245 10 - MENCIÓN DE TITULO
Título Matemáticas ocultas en la arquitectura /
Mención de responsabilidad autora Cho Eun-Jeong ; ilustradora Jeong Dong-Su ; traducción Alquimia Ediciones ; revisión
260 ## - PUBLICACIÓN, DISTRIBUCIÓN, ETC. (PIE DE IMPRENTA)
Lugar de publicación, distribución, etc México :
Nombre del editor, distribuidor, etc. Altea,
Fecha de publicación, distribución, etc 2007
300 ## - DESCRIPCIÓN FÍSICA
Extensión Varias paginaciones :
Otros detalles físicos il, retratos ;
Dimensiones 30 cm.
440 0# - MENCIÓN DE SERIE/ENTRADA SECUNDARIA--TÍTULO
Título Espacio y forma,
Número de volumen/designación secuencial 3
500 ## - NOTA GENERAL
Nota general
590 ## - NOTA LOCAL
Texto de la nota local Inventariado, 2025/VM
650 #4 - ENCABEZAMIENTO DE MATERIA--TEMÁTICO
Término temático o nombre geográfico como elemento de entrada Edificios
Subdivisión de forma Literatura juvenil
650 #4 - ENCABEZAMIENTO DE MATERIA--TEMÁTICO
Término temático o nombre geográfico como elemento de entrada Arquitectura
Subdivisión temática general Literatura juvenil
650 #4 - ENCABEZAMIENTO DE MATERIA--TEMÁTICO
Término temático o nombre geográfico como elemento de entrada Matemáticas
Subdivisión de forma
Subdivisión temática general Enseñanza primaria.
650 #4 - ENCABEZAMIENTO DE MATERIA--TEMÁTICO
Término temático o nombre geográfico como elemento de entrada DISEÑO ARQUITECTÓNICO
650 #4 - ENCABEZAMIENTO DE MATERIA--TEMÁTICO
Término temático o nombre geográfico como elemento de entrada CAD/CAM (SISTEMAS)
700 1# - ASIENTO SECUNDARIO -- NOMBRE PERSONAL
Nombre personal Jeong, Dong-Su,
Mención de responsabilidad Ilustración
700 1# - ASIENTO SECUNDARIO -- NOMBRE PERSONAL
Nombre personal Jeong, Dong-Su,
700 1# - ASIENTO SECUNDARIO -- NOMBRE PERSONAL
Nombre personal Tejada, Carlos,
Mención de responsabilidad editor
700 1# - ASIENTO SECUNDARIO -- NOMBRE PERSONAL
Nombre personal Mendiola, Gerardo,
Mención de responsabilidad editor
700 1# - ASIENTO SECUNDARIO -- NOMBRE PERSONAL
Nombre personal Fernández Guerrero, Norma
Mención de responsabilidad editor
710 ## - ASIENTO SECUNDARIO -- NOMBRE CORPORATIVO
Mención de responsabilidad
910 ## - VALIDACIÓN
Validación VMateo V. Control de calidad.d BPMSU
942 ## - ADDED ENTRY ELEMENTS (KOHA)
Source of classification or shelving scheme Dewey Decimal Classification
Koha item type Libros
Existencias
Withdrawn status Lost status Source of classification or shelving scheme Damaged status Not for loan Collection code Home library Current library Date acquired Total Checkouts Full call number Barcode Date last seen Price effective from Koha item type Copy number
    Dewey Decimal Classification     Colección Infantil General Biblioteca Pública Metropolitana Salomé Ureña Biblioteca Pública Metropolitana Salomé Ureña 03/18/2025   BPMSU CGI 720 C545m 2007 BPMSU25030102 03/18/2025 03/18/2025 Libros  
    Dewey Decimal Classification     Colección Infantil General Biblioteca Pública Metropolitana Salomé Ureña Biblioteca Pública Metropolitana Salomé Ureña 03/18/2025   BPMSU CGI 720 C545m 2007 BPMSU25030103 03/18/2025 03/18/2025 Libros e.2
    Dewey Decimal Classification     Colección Infantil General Biblioteca Pública Metropolitana Salomé Ureña Biblioteca Pública Metropolitana Salomé Ureña 03/18/2025   BPMSU CGI 720 C545m 2007 BPMSU25030104 03/18/2025 03/18/2025 Libros e.3